内蒙古人口最多的20个县级行政区 20 most populous county regions in inner mongolia - Statistics

General Stats
  • This quiz has been taken 29 times
  • The average score is 15 of 20
Answer Stats
人口 地市 县区 % Correct
57 鄂尔多斯市 东胜区
92%
92 通辽市 科尔沁区
88%
89 呼和浩特市 赛罕区
84%
70 呼和浩特市 新城区
84%
47 赤峰市 红山区
84%
44 呼和浩特市 回民区
84%
37 呼伦贝尔市 海拉尔区
84%
79 包头市 昆都仑区
80%
43 乌兰察布市 集宁区
80%
36 兴安盟 乌兰浩特市
80%
72 包头市 青山区
76%
58 巴彦淖尔市 临河区
76%
52 呼和浩特市 玉泉区
76%
71 赤峰市 松山区
72%
48 包头市 东河区
68%
36 鄂尔多斯市 准格尔旗
64%
48 赤峰市 宁城县
56%
45 赤峰市 敖汉旗
56%
40 通辽市 科尔沁左翼中旗
56%
38 通辽市 奈曼旗
48%
No matching quizzes found
Score Distribution
Percent of People with Each Score
Percentile by Number Answered
Your Score History
You have not taken this quiz